000 00625nam a2200205 i 4500
001 32530
003 ES-MaACL
005 20250808062528.0
007 t|
008 030131s1958 sp ||||1| spa d
100 1 _aBernoville, Gaëtan.
_928351
245 1 0 _aLourdes
_b: ciudad de las almas /
_cCayetano Bernoville ; traducción de Francisco Pegenate Rubio.
260 _aSan Sebastián :
_bDinor,
_c1958 (
_fAldecoa)
300 _a153 p. ;
_c19 cm.
490 1 _aPrisma
700 1 _aPegenaute Rubio, Francisco.
_989966
830 0 0 _aPrisma
_9180749
852 _aES-MaACL
_jC-15146
_bR.42506
999 _c32530
_d32530